[Event "Balaton Open"]
[Site "?"]
[Date "2001.09.06"]
[Round "5"]
[White "Tamassy Zoltan"]
[Black "Nagy Ervin"]
[Result "0-1"]
[WhiteElo "2234"]
[BlackElo "2326"]
[PlyCount "156"]
[EventDate "2001.??.??"]
[Source "www.chesslib.no"]
[SourceDate "2004.05.04"]

1. c3 d5 2. g3 c6 3. Bg2 e5 4. d3 Nf6 5. Bg5 Be7 6. Qb3 Nbd7 7. Nd2 O-O 8. Bxf6 Nxf6 9. e4 dxe4 10. dxe4 Be6 11. Qc2 a5 12. Ngf3 Nd7 13. O-O Qb6 14. a3 a4 15. Rfe1 Ra5 16. Bf1 Qc5 17. c4 Qa7 18. Rac1 Bc5 19. Nb1 f6 20. Nh4 Bd4 21. Nf5 Bxf5 22. exf5 Nc5 23. Nc3 Ra6 24. Rcd1 Rb6 25. Rb1 Qa5 26. Rec1 Ra8 27. Na2 Rb3 28. Rd1 Qb6 29. Rd2 Qd8 30. Nc1 Rb6 31. b4 axb3 32. Nxb3 Nxb3 33. Rxb3 c5 34. Bg2 Qc7 35. Bd5+ Kh8 36. Kg2 Raa6 37. Rdd3 g6 38. fxg6 hxg6 39. Rxb6 Rxb6 40. Rb3 f5 41. h4 e4 42. Qb1 Rxb3 43. Qxb3 b6 44. Qa4 Qd8 45. Qc6 Qf6 46. Qe8+ Kh7 47. h5 gxh5 48. Qxh5+ Kg7 49. Qe8 Kh6 50. Be6 f4 51. Qf7 f3+ 52. Kf1 Qg5 53. Qf4 Qxf4 54. gxf4 Kg6 55. a4 Kf6 56. f5 Kg5 57. Bd7 Kf4 58. Be6 Bf6 59. Bd7 Ke5 60. Be6 Bh4 61. Bd7 Kd4 62. Be6 Kc3 63. Bd5 Kd3 64. Bc6 Kxc4 65. Bxe4 Kb3 66. Ke1 Kxa4 67. Kd2 Kb3 68. Bxf3 Bg5+ 69. Kd1 c4 70. Bd5 b5 71. f4 Bf6 72. Kc1 Kc3 73. Bc6 b4 74. Bd5 b3 75. Kd1 Kb4 76. Kc1 c3 77. Bf3 Ka3 78. Bd5 c2 0-1

[Event "ESP-ch U20"]
[Site "Sevilha"]
[Date "2001.07.25"]
[Round "6"]
[White "Alcazar Jimenez, Jesus A"]
[Black "Garcia Roman, Daniel"]
[Result "0-1"]
[WhiteElo "2221"]
[BlackElo "2338"]
[PlyCount "106"]
[EventDate "2001.07.20"]
[Source "www.chesslib.no"]
[SourceDate "2004.05.04"]

1. c3 e6 2. Nf3 Nf6 3. g3 d5 4. Bg2 Be7 5. O-O O-O 6. d3 b6 7. e4 dxe4 8. dxe4 Nxe4 9. Qxd8 Bxd8 10. Ng5 Bxg5 11. Bxg5 Bb7 12. Bf4 Rc8 13. Rd1 Kf8 14. Na3 a6 15. b4 Ra7 16. Rac1 Ke8 17. c4 Nf6 18. c5 bxc5 19. Rxc5 Bxg2 20. Kxg2 Nd5 21. Be5 Nd7 22. Rcxd5 exd5 23. Rxd5 Nxe5 24. Rxe5+ Kd7 25. Nc4 Rb7 26. Rd5+ Ke6 27. Re5+ Kf6 28. a3 Rb5 29. Re3 Rd8 30. Rf3+ Rf5 31. Rc3 Rfd5 32. Ne3 Rd3 33. Rc6+ R8d6 34. Rxc7 h5 35. h4 g6 36. Nc4 Re6 37. a4 Rc3 38. b5 Kg7 39. Rc8 Re4 40. Nb6 Rxc8 41. Nxc8 a5 42. Nb6 f5 43. Kf1 Kf8 44. f3 Re3 45. Kf2 Rc3 46. Nd7+ Ke8 47. Ne5 Ra3 48. b6 Rxa4 49. Nc6 Ra2+ 50. Ke3 a4 51. Kd4 Rb2 52. Kc5 a3 53. Nb4 Kd7 0-1

[Event "Hlohovec Open"]
[Site "?"]
[Date "1998.??.??"]
[Round "4"]
[White "Vyparina Matej"]
[Black "Tibensky Robert"]
[Result "0-1"]
[WhiteElo "2120"]
[BlackElo "2435"]
[PlyCount "111"]
[EventDate "1998.??.??"]
[Source "www.chesslib.no"]
[SourceDate "2004.05.04"]

1. c3 Nf6 2. Nf3 g6 3. g3 Bg7 4. Bg2 O-O 5. O-O d6 6. d3 c5 7. e4 Nc6 8. Re1 e5 9. Nbd2 Re8 10. Nf1 h6 11. h3 d5 12. Be3 b6 13. exd5 Nxd5 14. Qd2 Kh7 15. d4 cxd4 16. cxd4 Nxe3 17. fxe3 e4 18. N3h2 f5 19. Rac1 Ne7 20. Qd1 Qd6 21. Re2 Nd5 22. a3 Bd7 23. Qe1 Bb5 24. Rec2 h5 25. g4 f4 26. gxh5 f3 27. hxg6+ Qxg6 28. Qh4+ Kg8 29. Ng4 Bd7 30. Bh1 Rf8 31. Kf2 Rf5 32. Ng3 Rg5 33. Nh2 Re8 34. Nhf1 Bf6 35. Rc6 Bxc6 36. Rxc6 Ne7 37. Re6 Rc8 38. Qxe4 Nf5 39. Bxf3 Rxg3 40. Bh5 Rc2+ 41. Ke1 Rxe3+ 42. Nxe3 Qg1+ 43. Nf1 Qf2+ 44. Kd1 Qxf1+ 45. Kxc2 Nxd4+ 46. Kd2 Nb3+ 47. Kc2 Na1+ 48. Kd2 Bg5+ 49. Kc3 Qc1+ 50. Kd4 Qc5+ 51. Kd3 Qc2+ 52. Kd4 Nb3+ 53. Ke5 Qc5+ 54. Qd5 Bf4+ 55. Kf6 Qf8+ 56. Kg6 0-1

[Event "Corr"]
[Site "?"]
[Date "1997.12.17"]
[Round "?"]
[White "Hommel Reinhard (GER)"]
[Black "Mogstad Ola P.(NOR)"]
[Result "1/2-1/2"]
[WhiteElo "2100"]
[BlackElo "2445"]
[PlyCount "74"]
[EventDate "1997.??.??"]
[Source "www.chesslib.no"]
[SourceDate "2004.05.04"]

1. c3 c5 2. Nf3 d5 3. d4 e6 4. Bf4 Nc6 5. e3 Nf6 6. Bd3 c4 7. Bc2 b5 8. a3 Bb7 9. Nbd2 Be7 10. O-O O-O 11. Ne5 Bd6 12. Qf3 Qc7 13. Qg3 Nh5 14. Qh3 g6 15. Bh6 Rfe8 16. f4 f5 17. g4 Nf6 18. Qh4 Ne4 19. Nxe4 dxe4 20. Rf2 Bf8 21. Rg2 Bxh6 22. Qxh6 Qg7 23. Qxg7+ Kxg7 24. a4 a6 25. Nd7 Na5 26. Kf2 Red8 27. Nc5 Bd5 28. h4 Nb7 29. Nxb7 Bxb7 30. h5 Bd5 31. Rag1 Rd6 32. Ke2 Rb8 33. hxg6 hxg6 34. gxf5 exf5 35. Rb1 b4 36. Kd2 b3 37. Bd1 Rh8 1/2-1/2

[Event "Aalborg Open"]
[Site "Aalborg DEN"]
[Date "1994.??.??"]
[Round "4"]
[White "Rewitz, Poul"]
[Black "Aagaard, Jacob"]
[Result "1-0"]
[WhiteElo "2285"]
[BlackElo "2250"]
[PlyCount "77"]
[EventDate "1994.??.??"]
[Source "www.chesslib.no"]
[SourceDate "2004.05.04"]

1. c3 d6 2. g3 g6 3. Bg2 Bg7 4. d4 f5 5. Nh3 Nf6 6. O-O c6 7. Qb3 Qb6 8. Nd2 Na6 9. Nf4 e5 10. Nc4 Qc7 11. dxe5 dxe5 12. Nd3 Ne4 13. Nd2 Nac5 14. Nxc5 Nxc5 15. Qb4 Bf8 16. Qh4 Qe7 17. Qxe7+ Bxe7 18. Nc4 Bf6 19. Be3 Na4 20. Rad1 Ke7 21. Nd6 Rd8 22. Nxc8+ Raxc8 23. Bc1 b5 24. Rxd8 Kxd8 25. Rd1+ Ke7 26. e4 a5 27. Bh3 c5 28. exf5 g5 29. Bxg5 Nxb2 30. Rb1 Na4 31. Rxb5 Rc7 32. Be3 c4 33. Bf1 Kd6 34. Bd2 Rc5 35. Rxc5 Kxc5 36. g4 e4 37. g5 Bxc3 38. Bxc3 Nxc3 39. f6 1-0

[Event "POL-chT 2nd div North"]
[Site "?"]
[Date "1999.??.??"]
[Round "1"]
[White "Kiersz Ludwik"]
[Black "Kosiorek Marek"]
[Result "0-1"]
[WhiteElo "2175"]
[BlackElo "2355"]
[PlyCount "60"]
[EventDate "1999.??.??"]
[Source "www.chesslib.no"]
[SourceDate "2004.05.04"]

1. c3 e5 2. Nf3 e4 3. Nd4 Nf6 4. h3 c5 5. Nc2 d5 6. d3 Be7 7. Bg5 O-O 8. Bxf6 exd3 9. Bxe7 dxc2 10. Bxd8 cxd1=Q+ 11. Kxd1 Rxd8 12. g4 d4 13. Kc2 Nc6 14. Nd2 Be6 15. Bg2 Bd5 16. Be4 Rd6 17. Rhg1 Re8 18. f3 Ne7 19. c4 Bc6 20. Bd3 Ng6 21. Ne4 Bxe4 22. Bxe4 Nf4 23. Rae1 Rh6 24. Rg3 b6 25. e3 dxe3 26. Rxe3 g6 27. Re1 Rxh3 28. Rxh3 Nxh3 29. Rf1 Kg7 30. a3 Re5 0-1

[Event "HUN-chT2 0102"]
[Site "?"]
[Date "2002.01.13"]
[Round "5"]
[White "Tamassy Zoltan"]
[Black "Mullner Imre"]
[Result "1-0"]
[WhiteElo "2234"]
[BlackElo "2293"]
[PlyCount "157"]
[EventDate "2002.??.??"]
[Source "www.chesslib.no"]
[SourceDate "2004.05.04"]

1. c3 c5 2. Qc2 Nc6 3. Nf3 g6 4. e4 Bg7 5. Be2 Nf6 6. O-O O-O 7. Re1 e5 8. Bb5 Ne8 9. d3 Nc7 10. Bc4 d6 11. Nbd2 b5 12. Bb3 Be6 13. Nf1 d5 14. Qe2 d4 15. Bxe6 Nxe6 16. a4 a6 17. Qc2 Qd7 18. Ng3 Rfb8 19. axb5 axb5 20. Rxa8 Rxa8 21. c4 b4 22. h3 Ra2 23. Qb1 b3 24. Bd2 Qb7 25. Ne2 Qa7 26. g3 Bf6 27. Kg2 Bd8 28. h4 Ba5 29. Rf1 Bxd2 30. Nxd2 Na5 31. Rh1 Qb7 32. Nxb3 Ra4 33. Nxa5 Rxa5 34. Qc2 f5 35. f3 fxe4 36. fxe4 Ra2 37. Rb1 Ng7 38. Nc1 Nf5 39. Qd2 Ne3+ 40. Kg1 Ra6 41. b4 Qf7 42. Qe2 cxb4 43. Nb3 Qa7 44. c5 Ra2 45. Rb2 Rxb2 46. Qxb2 Qf7 47. Nd2 Nd1 48. Qb3 Qxb3 49. Nxb3 Kf7 50. Kf1 Ke7 51. Ke1 Nb2 52. Kd2 Na4 53. Na5 Ke6 54. c6 Nc5 55. Nb7 Na6 56. Kc2 g5 57. hxg5 Kf7 58. Nd6+ Ke7 59. Nc4 Nc5 60. Nxe5 b3+ 61. Kd2 Kd6 62. Nf3 b2 63. Kc2 Kxc6 64. Nxd4+ Kd7 65. Kxb2 Nxd3+ 66. Kc3 Nc5 67. e5 Ne4+ 68. Kc4 Nxg5 69. Kd5 h5 70. e6+ Ke7 71. Ke5 Nh7 72. Nf5+ Kf8 73. Nh4 Kg7 74. Kf5 Nf6 75. Ng6 Ne8 76. Nf4 Kh6 77. e7 Kg7 78. Ke6 Nf6 79. Nxh5+ 1-0

[Event "Aragon-chT"]
[Site "?"]
[Date "2003.??.??"]
[Round "1"]
[White "Malo Guillen Jose Luis"]
[Black "Lopez Gracia Fernando"]
[Result "0-1"]
[WhiteElo "2214"]
[BlackElo "2308"]
[PlyCount "88"]
[EventDate "2003.??.??"]
[Source "www.chesslib.no"]
[SourceDate "2004.05.04"]

1. c3 d5 2. d4 Nf6 3. Nf3 c6 4. Bf4 Bf5 5. e3 e6 6. Be2 Bd6 7. Ne5 O-O 8. Nd2 Ne4 9. f3 Nxd2 10. Qxd2 f6 11. Nd3 Qe7 12. Bxd6 Qxd6 13. Nf4 e5 14. Bd3 Bxd3 15. Nxd3 Nd7 16. O-O Rfe8 17. Rfe1 Re7 18. dxe5 Nxe5 19. Nxe5 Qxe5 20. Qd4 b6 21. Rad1 Rae8 22. Qa4 b5 23. Qb3 Qg5 24. e4 f5 25. Rd4 fxe4 26. fxe4 Qg6 27. Qc2 h6 28. Re3 Rxe4 29. Rdxe4 Rxe4 30. Rxe4 dxe4 31. Qf2 a5 32. Qd4 Qe6 33. a3 a4 34. Kf2 Qb3 35. Qd2 Qd5 36. Ke3 Qg5+ 37. Ke2 Qxg2+ 38. Ke3 Qg5+ 39. Ke2 Qxd2+ 40. Kxd2 Kf7 41. Ke3 Ke6 42. Kxe4 c5 43. h3 g5 44. Kd3 Kd5 0-1

[Event "POL-chT2 U18"]
[Site "?"]
[Date "1996.??.??"]
[Round "?"]
[White "Glen Adrian"]
[Black "Bobras Piotr"]
[Result "1/2-1/2"]
[WhiteElo "2165"]
[BlackElo "2355"]
[PlyCount "66"]
[EventDate "1996.??.??"]
[Source "www.chesslib.no"]
[SourceDate "2004.05.04"]

1. c3 Nf6 2. Nf3 d6 3. d4 Nbd7 4. g3 e5 5. dxe5 dxe5 6. Bg2 Be7 7. Nbd2 c6 8. Nc4 Qc7 9. O-O O-O 10. Qc2 b6 11. Bg5 Ba6 12. Ne3 g6 13. Nh4 Rfe8 14. Bh6 Bf8 15. Bxf8 Nxf8 16. Rfd1 Rad8 17. Rxd8 Rxd8 18. Rd1 Rxd1+ 19. Qxd1 Ne6 20. Nf3 Kf8 21. Kf1 Ke7 22. Nd2 Qd7 23. Qc2 Nd5 24. Nxd5+ cxd5 25. Qb3 Bc4 26. Nxc4 dxc4 27. Qb4+ Nc5 28. f4 Qa4 29. Ke1 Qxa2 30. Bd5 Qb1+ 31. Kf2 exf4 32. gxf4 Qf5 33. Qxc4 Qh3 1/2-1/2

[Event "Corr"]
[Site "?"]
[Date "1997.12.17"]
[Round "?"]
[White "Hommel Reinhard (GER)"]
[Black "Firnhaber Ingo (GER)"]
[Result "1-0"]
[WhiteElo "2100"]
[BlackElo "2415"]
[PlyCount "103"]
[EventDate "1997.??.??"]
[Source "www.chesslib.no"]
[SourceDate "2004.05.04"]

1. c3 d5 2. d4 Nf6 3. Bg5 Nbd7 4. Nf3 e6 5. e3 h6 6. Bf4 c5 7. Bd3 Qb6 8. Qc1 Nh5 9. Bg3 Nxg3 10. hxg3 Bd6 11. Nbd2 e5 12. dxe5 Nxe5 13. Nxe5 Bxe5 14. Nf3 Bf6 15. Qc2 Be6 16. a4 Qd6 17. Bf5 Bxf5 18. Qxf5 Qe6 19. Qd3 O-O-O 20. Qb5 Qc6 21. Qxc6+ bxc6 22. O-O-O Rhe8 23. Kc2 c4 24. Rhe1 Re4 25. Nd2 Re6 26. Nf3 Kc7 27. Rh1 Rb8 28. Rhe1 Kb6 29. Nd2 Bg5 30. Nf3 Re7 31. Rb1 Bf6 32. b3 cxb3+ 33. Rxb3+ Kc7 34. Rxb8 Kxb8 35. Rb1+ Rb7 36. Rxb7+ Kxb7 37. Nd2 Kb6 38. Kb3 c5 39. c4 d4 40. exd4 cxd4 41. Ne4 h5 42. c5+ Kc6 43. Kc4 Be7 44. Kxd4 a6 45. f4 f5 46. Ng5 Bxc5+ 47. Ke5 Kb6 48. Kxf5 Ka5 49. Ne6 Bd6 50. Nxg7 Bf8 51. Kg6 Kxa4 52. Kf7 1-0

[Event "Frohnleiten op"]
[Site "?"]
[Date "2000.??.??"]
[Round "?"]
[White "Koller Hubert"]
[Black "Peredy Ferenc"]
[Result "1/2-1/2"]
[WhiteElo "2136"]
[BlackElo "2374"]
[PlyCount "48"]
[EventDate "2000.??.??"]
[Source "www.chesslib.no"]
[SourceDate "2004.05.04"]

1. c3 d5 2. d4 Nf6 3. Bf4 Bf5 4. Nf3 e6 5. Nbd2 Bd6 6. e3 O-O 7. Be2 Bxf4 8. exf4 c5 9. O-O h6 10. Re1 Qc7 11. g3 c4 12. Ne5 Nc6 13. g4 Bh7 14. g5 Ne8 15. Bg4 Ne7 16. Qf3 Bf5 17. Bxf5 Nxf5 18. Kh1 g6 19. gxh6 Nxh6 20. Rg1 Nf5 21. Rae1 Nf6 22. Rg5 Nh7 23. Rg4 Nf6 24. Rg5 Nh7 1/2-1/2

[Event "Quito Gran Prix op"]
[Site "?"]
[Date "1997.??.??"]
[Round "1"]
[White "Mendoza Rafael"]
[Black "Munoz Sotomayor Hugo"]
[Result "0-1"]
[WhiteElo "2305"]
[BlackElo "2205"]
[PlyCount "98"]
[EventDate "1997.??.??"]
[Source "www.chesslib.no"]
[SourceDate "2004.05.04"]

1. c3 d5 2. d4 Nf6 3. Nf3 e6 4. Bf4 Nbd7 5. h3 Be7 6. Nbd2 O-O 7. e3 b6 8. Bd3 Bb7 9. Qc2 c5 10. O-O c4 11. Be2 b5 12. Ne5 Ne4 13. Rad1 f5 14. Ndf3 a5 15. Nxd7 Qxd7 16. Ne5 Qe8 17. Rc1 Rc8 18. Qd1 b4 19. f3 Nd6 20. Qe1 Qa4 21. Qd2 Rfd8 22. Bd1 Qb5 23. Be2 Qb6 24. Qc2 Ba6 25. Bg3 Bg5 26. Bf4 Bxf4 27. exf4 Rc7 28. Rfe1 Rb8 29. Bd1 Bc8 30. Rb1 Nb5 31. Be2 Qd6 32. Kh1 g6 33. Qd2 Rcb7 34. cxb4 axb4 35. Nxc4 dxc4 36. Bxc4 Nc7 37. Re5 Rb6 38. Qd3 Ba6 39. Rbe1 Bxc4 40. Qxc4 Rc6 41. Qd3 Rd8 42. Rd1 Nd5 43. g3 Rdc8 44. Rd2 Rc1+ 45. Kh2 Qc6 46. Ree2 Kf7 47. h4 Qc4 48. Qb3 Qxb3 49. axb3 Rf1 0-1

[Event "Open Avoine 2003"]
[Site "?"]
[Date "2003.07.19"]
[Round "1.9"]
[White "Dube Dimitri"]
[Black "Poley Vladimir"]
[Result "0-1"]
[WhiteElo "2122"]
[BlackElo "2383"]
[PlyCount "90"]
[EventDate "2003.??.??"]
[Source "www.chesslib.no"]
[SourceDate "2004.05.04"]

1. c3 g6 2. d4 Bg7 3. Nf3 d5 4. Nbd2 Nh6 5. e4 c6 6. Bd3 O-O 7. O-O f6 8. Re1 e6 9. exd5 cxd5 10. Nf1 Nf7 11. Bf4 Nc6 12. Bb5 Qb6 13. Qb3 a6 14. Bxc6 Qxc6 15. Re2 Bd7 16. Rae1 Rae8 17. Bg3 g5 18. h3 Qc8 19. Ne3 Bb5 20. Rd2 h5 21. a4 Bc6 22. Nc2 Qd7 23. a5 g4 24. hxg4 hxg4 25. Nh4 Ng5 26. Nb4 Ne4 27. Rxe4 Ba4 28. Qa2 dxe4 29. d5 Bh6 30. Rd4 e5 31. Rxe4 f5 32. d6+ Qf7 33. Qxf7+ Rxf7 34. Rxe5 f4 35. Rxe8+ Bxe8 36. Bh2 Bg5 37. Ng6 g3 38. fxg3 fxg3 39. Bxg3 Be3+ 40. Kh2 Rh7+ 41. Nh4 Bg5 42. Nd5 Bxh4 43. Bxh4 Rxh4+ 44. Kg3 Rh6 45. Ne7+ Kf7 0-1

[Event "22nd GP Open A"]
[Site "Le Touquet FRA"]
[Date "2007.11.02"]
[Round "9"]
[White "Nguyen Huu Hoang"]
[Black "Simon, O."]
[Result "1/2-1/2"]
[WhiteElo "2105"]
[BlackElo "2397"]
[PlyCount "90"]
[EventDate "2007.10.27"]
[Source "www.chesslib.no"]
[SourceDate "2004.05.04"]

1. c3 e5 2. Qc2 d5 3. d3 f5 4. Nd2 Nf6 5. b4 c5 6. a3 a5 7. bxa5 Nc6 8. e4 d4 9. Ngf3 Bd6 10. Be2 O-O 11. O-O Kh8 12. Rb1 f4 13. Nc4 Bc7 14. cxd4 cxd4 15. Bd2 Nd7 16. Rb5 Qf6 17. Rfb1 g5 18. h3 Qg6 19. Qd1 h5 20. Nh2 Nf6 21. Rxb7 Bxb7 22. Rxb7 Rfc8 23. f3 Nd7 24. a4 Qe6 25. Rb5 Ra7 26. Qe1 Nf6 27. Bd1 Qe7 28. Kf1 Rca8 29. Nb6 Rb8 30. Nd5 Nxd5 31. exd5 Rxb5 32. axb5 Nxa5 33. Bb4 Qf6 34. d6 Bb6 35. Qe4 Kg7 36. Ke2 Qe6 37. Nf1 Rd7 38. Nd2 Nb7 39. Bb3 Qf6 40. Qc6 Qd8 41. Ne4 Na5 42. Bxa5 Bxa5 43. Nc5 Rxd6 44. Ne6+ Rxe6 45. Qxe6 Qf6 1/2-1/2

[Event "HUN-chT2 0102"]
[Site "?"]
[Date "2002.02.10"]
[Round "7"]
[White "Tamassy Zoltan"]
[Black "Pirisi Gabor"]
[Result "0-1"]
[WhiteElo "2234"]
[BlackElo "2267"]
[PlyCount "112"]
[EventDate "2002.??.??"]
[Source "www.chesslib.no"]
[SourceDate "2004.05.04"]

1. c3 b6 2. Qc2 Bb7 3. e4 g6 4. Nf3 Bg7 5. Be2 d6 6. d3 c5 7. Nbd2 Nc6 8. Nf1 Nf6 9. Ng3 Rc8 10. h4 h5 11. Bg5 b5 12. Rd1 Qa5 13. Qb1 b4 14. Bd2 Ng4 15. O-O Qb6 16. Rc1 a5 17. Nh2 Nxh2 18. Kxh2 Bf6 19. Bg5 Bxg5 20. hxg5 Ne5 21. Qc2 Qc6 22. Qd2 Qd7 23. f4 Ng4+ 24. Bxg4 Qxg4 25. Nh1 h4 26. Qd1 Qxd1 27. Rfxd1 e5 28. Nf2 exf4 29. Nh3 Rh5 30. c4 f6 31. Nxf4 Rxg5 32. Rf1 Rg3 33. Rce1 Rc7 34. Nd5 Bxd5 35. exd5+ Re7 36. Rxe7+ Kxe7 37. Re1+ Kd7 38. Re6 f5 39. Rf6 a4 40. Rf7+ Ke8 41. Ra7 Rxd3 42. Rxa4 g5 43. Ra7 Rd2 44. b3 g4 45. Kg1 g3 46. Kf1 Rf2+ 47. Kg1 f4 48. Rh7 Rxa2 49. Kf1 Rf2+ 50. Kg1 Rb2 51. Kf1 Rxb3 52. Rxh4 Re3 53. Rxf4 b3 54. Rh4 Kd8 55. Rh7 Re7 56. Rh8+ Kc7 0-1

[Event "Ch (juniors)"]
[Site "Ch Netherlands (juniors)"]
[Date "1995.??.??"]
[Round "8"]
[White "Van Mechelen, Jan"]
[Black "Van der Erf, Remco"]
[Result "1/2-1/2"]
[WhiteElo "2360"]
[BlackElo "2140"]
[PlyCount "32"]
[EventDate "1995.??.??"]
[Source "www.chesslib.no"]
[SourceDate "2004.05.04"]

1. c3 d5 2. g3 e5 3. Bg2 Nf6 4. d3 Bd6 5. Nf3 O-O 6. O-O c6 7. Nbd2 Bg4 8. b4 Nbd7 9. Qb3 Re8 10. e4 a5 11. Bb2 dxe4 12. Nxe4 Nxe4 13. dxe4 Nf6 14. Ng5 Qc7 15. f3 h6 16. Nxf7 Qxf7 1/2-1/2

[Event "Young Masters 8th"]
[Site "Loures"]
[Date "2000.11.07"]
[Round "1"]
[White "Peixoto, Antonio"]
[Black "Damaso, Rui"]
[Result "0-1"]
[WhiteElo "2113"]
[BlackElo "2386"]
[PlyCount "43"]
[EventDate "2000.11.07"]
[Source "ChessBase"]
[SourceDate "2001.01.11"]

1. c3 e5 2. d4 exd4 3. cxd4 d5 4. Nf3 c6 5. Nc3 Bf5 6. e4 Bxe4 7. Nxe4 dxe4 8. Nd2 Nf6 9. Bc4 Bd6 10. Qb3 Qc7 11. f3 c5 12. fxe4 cxd4 13. e5 Bxe5 14. Nf3 Nc6 15. O-O O-O 16. Bd2 Ne4 17. Bd3 Nxd2 18. Bxh7+ Kh8 19. Nxd2 Kxh7 20. Qh3+ Kg8 21. Rf5 g6 22. Rg5 0-1

[Event "Corr"]
[Site "?"]
[Date "2000.10.01"]
[Round "?"]
[White "Fortin Michel"]
[Black "Royer Oto Inacio"]
[Result "0-1"]
[WhiteElo "2171"]
[BlackElo "2326"]
[PlyCount "82"]
[EventDate "2000.??.??"]
[Source "www.chesslib.no"]
[SourceDate "2004.05.04"]

1. c3 e5 2. g3 d5 3. Bg2 c6 4. d3 Nf6 5. Nf3 Bd6 6. O-O O-O 7. Qc2 Nbd7 8. e4 b6 9. Re1 dxe4 10. dxe4 a5 11. Nbd2 Ba6 12. Bf1 Bxf1 13. Nxf1 Nc5 14. Bg5 h6 15. Bxf6 Qxf6 16. Kg2 Rfd8 17. Ne3 Ra7 18. Rad1 Qe6 19. Nf5 Rad7 20. b3 Bf8 21. Ne3 b5 22. Rxd7 Rxd7 23. Rd1 Rxd1 24. Nxd1 a4 25. b4 Nd7 26. Ne3 Nf6 27. Nd2 g6 28. h3 Be7 29. f3 Nd7 30. a3 Nb6 31. c4 Bg5 32. Qd3 Bxe3 33. Qxe3 Nxc4 34. Nxc4 Qxc4 35. f4 Qb3 36. Kf3 f6 37. Ke2 Qxe3+ 38. Kxe3 Kf7 39. f5 gxf5 40. exf5 c5 41. bxc5 b4 0-1

[Event "BCF-ch"]
[Site "Chester"]
[Date "1979.??.??"]
[Round "2"]
[White "Hodgson, Julian M"]
[Black "Trevelyan, John"]
[Result "1-0"]
[WhiteElo "2285"]
[BlackElo "2205"]
[PlyCount "75"]
[EventDate "1979.08.??"]
[Source "ChessBase"]

1. c3 d5 2. d4 g6 3. e3 Bg7 4. Bd3 Nc6 5. f4 Nh6 6. Nd2 O-O 7. Ngf3 f6 8. e4 dxe4 9. Nxe4 e5 10. fxe5 fxe5 11. Bg5 Qe8 12. d5 Ne7 13. Qb3 Nef5 14. O-O-O Nd6 15. Nc5 Ng4 16. Ne6 Bxe6 17. dxe6 Nf2 18. e7+ Rf7 19. Bc4 Nxd1 20. Rxd1 a6 21. Rxd6 cxd6 22. Qxb7 Bh8 23. Bh6 Bf6 24. Ng5 Bxg5+ 25. Bxg5 Kg7 26. Bxf7 Kxf7 27. Qd5+ Kg7 28. Qxd6 Qf7 29. Qxe5+ Kg8 30. Bf6 Re8 31. b3 h6 32. h4 h5 33. c4 Kh7 34. Kb2 Rc8 35. Ka3 Qe8 36. Qd6 Ra8 37. Qd8 Qc6 38. e8=Q 1-0

[Event "Bayern-chB"]
[Site "Wildflecken"]
[Date "1993.??.??"]
[Round "?"]
[White "Dietz, Holger"]
[Black "Blum, Gernot"]
[Result "1-0"]
[WhiteElo "2255"]
[BlackElo "2235"]
[PlyCount "125"]
[EventDate "1993.??.??"]
[Source "www.chesslib.no"]
[SourceDate "2004.05.04"]

1. c3 e5 2. d4 Nc6 3. dxe5 Nxe5 4. Nd2 d5 5. Ngf3 Nxf3+ 6. Nxf3 Nf6 7. Bg5 Be7 8. e3 h6 9. Bh4 c6 10. Be2 Ne4 11. Bxe7 Qxe7 12. O-O O-O 13. Qd4 Be6 14. Rad1 Rfd8 15. Nd2 Nf6 16. Rfe1 Bf5 17. Nf3 Re8 18. Qf4 Bh7 19. Bd3 Rad8 20. Nd4 Qe5 21. Bxh7+ Kxh7 22. Qxe5 Rxe5 23. Nb3 Rde8 24. Kf1 R8e7 25. h3 g5 26. Nd4 Kg6 27. b4 Ne4 28. Rc1 f5 29. Red1 Nd6 30. Nf3 R5e6 31. Nd2 g4 32. c4 dxc4 33. Nxc4 Nxc4 34. Rxc4 g3 35. Rd3 gxf2 36. Kxf2 Kg5 37. Rf4 Re4 38. Kf3 R7e6 39. g4 fxg4+ 40. hxg4 R4e5 41. e4 Rf6 42. Rf5+ Rfxf5+ 43. gxf5 a5 44. Rd7 Rb5 45. Rg7+ Kf6 46. Rg6+ Ke7 47. bxa5 Rxa5 48. Kf4 c5 49. Rxh6 b5 50. Rh7+ Kd8 51. Rh2 c4 52. Rc2 Ra3 53. e5 c3 54. f6 b4 55. Kf5 Ra5 56. Ke6 Ke8 57. Rh2 Ra6+ 58. Kf5 Ra5 59. Rh8+ Kd7 60. f7 Rxa2 61. e6+ Kc7 62. e7 Rf2+ 63. Ke4 1-0

[Event "Lisbon op"]
[Site "?"]
[Date "1998.??.??"]
[Round "8"]
[White "Peixoto Antonio"]
[Black "Dias Paulo"]
[Result "0-1"]
[WhiteElo "2195"]
[BlackElo "2295"]
[PlyCount "84"]
[EventDate "1998.??.??"]
[Source "www.chesslib.no"]
[SourceDate "2004.05.04"]

1. c3 b6 2. f4 Bb7 3. e3 c5 4. Nf3 Nf6 5. Be2 e6 6. O-O Nc6 7. d3 Be7 8. a4 d5 9. Bd2 O-O 10. d4 Qc7 11. Na3 Ne4 12. Nc2 c4 13. Be1 Na5 14. Nd2 f5 15. Nxe4 fxe4 16. g4 Qd7 17. Bg3 Bc6 18. Qe1 Bxa4 19. Na3 Nb3 20. Ra2 a5 21. f5 b5 22. fxe6 Qxe6 23. Nb1 Rxf1+ 24. Kxf1 Rf8+ 25. Kg2 Bg5 26. Bf2 Qh6 27. Bf1 Rf3 28. Be2 Rh3 29. Bg3 Bxe3 30. Qf1 Nc1 31. Qf5 Rxg3+ 32. hxg3 Qc6 33. b3 Nxa2 34. bxa4 b4 35. cxb4 axb4 36. Qe5 h6 37. g5 c3 38. Bb5 Qa8 39. Qe6+ Kh8 40. g6 c2 41. Nd2 c1=Q 42. Nf1 Qf8 0-1

[Event "Corr"]
[Site "?"]
[Date "2000.10.01"]
[Round "?"]
[White "Fortin Michel"]
[Black "Wochnik Manfred"]
[Result "0-1"]
[WhiteElo "2171"]
[BlackElo "2305"]
[PlyCount "60"]
[EventDate "2000.??.??"]
[Source "www.chesslib.no"]
[SourceDate "2004.05.04"]

1. c3 e5 2. g3 d5 3. Bg2 Nc6 4. d3 Be6 5. Nf3 h6 6. O-O Bd6 7. Nbd2 Nf6 8. e4 dxe4 9. dxe4 Qd7 10. Qc2 Rd8 11. Re1 Ne7 12. Nb3 Qa4 13. Qb1 O-O 14. Nbd2 Ng4 15. b3 Qb5 16. Nf1 Qc6 17. Ne3 Qxc3 18. Bb2 Qa5 19. Nxg4 Bxg4 20. h3 Bxf3 21. Bxf3 Ba3 22. Bxa3 Qxa3 23. Qc2 c5 24. Bg2 Nc6 25. f4 exf4 26. gxf4 Qa5 27. Red1 Nd4 28. Qf2 Qc7 29. Rac1 Qxf4 30. Rxc5 Ne2+ 0-1

[Event "HUN-chT2 0102"]
[Site "?"]
[Date "2002.01.27"]
[Round "6"]
[White "Tamassy Zoltan"]
[Black "Farkas Zsolt"]
[Result "1/2-1/2"]
[WhiteElo "2234"]
[BlackElo "2241"]
[PlyCount "84"]
[EventDate "2002.??.??"]
[Source "www.chesslib.no"]
[SourceDate "2004.05.04"]

1. c3 f5 2. Qc2 g6 3. Nf3 Bg7 4. d3 d6 5. e4 e5 6. Be2 Nf6 7. O-O O-O 8. Na3 Kh8 9. Bg5 h6 10. Bxf6 Qxf6 11. h3 Nc6 12. Nc4 f4 13. Rfd1 g5 14. d4 Qg6 15. dxe5 Bxe5 16. Ncxe5 dxe5 17. Rd5 Be6 18. Nxe5 Qg7 19. Nxc6 Bxd5 20. exd5 bxc6 21. dxc6 Rad8 22. Rd1 Rxd1+ 23. Qxd1 Qe7 24. Bg4 Rf6 25. Qd4 a5 26. Bf3 Qd6 27. Bd5 h5 28. Qe4 Kg7 29. c4 g4 30. Qe8 gxh3 31. Qxh5 hxg2 32. Kxg2 Qe7 33. Kf3 Rh6 34. Qg4+ Rg6 35. Qc8 Qe5 36. Qg8+ Kh6 37. Qf8+ Kg5 38. Be4 Re6 39. Qg8+ Kh6 40. Qh7+ Kg5 41. a4 Kf6 42. Qh8+ Kg5 1/2-1/2

[Event "Austria"]
[Site "?"]
[Date "1993.??.??"]
[Round "7"]
[White "Wegerer Fred"]
[Black "Raffalt Manfred"]
[Result "1/2-1/2"]
[WhiteElo "2235"]
[BlackElo "2230"]
[PlyCount "45"]
[EventDate "1993.??.??"]
[Source "www.chesslib.no"]
[SourceDate "2004.05.04"]

1. c3 d5 2. Nf3 Nf6 3. d3 Nc6 4. Nbd2 e5 5. e4 Be7 6. Be2 O-O 7. O-O a5 8. a4 h6 9. Qc2 Bc5 10. h3 Nh5 11. Nb3 Bb6 12. exd5 Qxd5 13. c4 Qd8 14. c5 Ba7 15. Nxe5 Nxe5 16. d4 Nc6 17. Bxh5 Nxd4 18. Nxd4 Qxd4 19. Be3 Qe5 20. Be2 c6 21. Ra3 Bf5 22. Qc1 Rad8 23. Bc4 1/2-1/2